| 000 | 00469nam a2200181Ia 4500 | ||
|---|---|---|---|
| 008 | 180207s9999 xx 000 0 und d | ||
| 020 | _a590098608 | ||
| 050 | _bS399 1999 | ||
| 100 | _aSchwartz, David M. | ||
| 245 | _aIf you hopped like a frog / | ||
| 245 | _cDavid M. Schwartz ; illustrated by James Warhola. | ||
| 260 | _aNew York : | ||
| 260 | _bScholastic, | ||
| 260 | _c1999 | ||
| 300 | _aunpaged : | ||
| 300 | _bcolor illustration ; | ||
| 300 | _c28cm. | ||
| 999 |
_c355393 _d355393 |
||